Bibliography of doctoral dissertation science & technology 2010 (Record no. 909659)

MARC details
000 -LEADER
fixed length control field 00775nam a2200229Ia 4500
003 - CONTROL NUMBER IDENTIFIER
control field OSt
005 - DATE AND TIME OF LATEST TRANSACTION
control field 20251021154809.0
008 - FIXED-LENGTH DATA ELEMENTS--GENERAL INFORMATION
fixed length control field 220930b |||||||| |||| 00| 0 eng d
020 ## - INTERNATIONAL STANDARD BOOK NUMBER
International Standard Book Number 8175201320 (pbk)
037 ## - SOURCE OF ACQUISITION
Terms of availability Reference Collections
040 ## - CATALOGING SOURCE
Original cataloging agency CRL
Transcribing agency CRL
Language of cataloging eng
041 ## - LANGUAGE CODE
Source of code eng
Language code of text/sound track or separate title eng
084 ## - COLON CLASSIFICATION NUMBER
Classification number Aa494,12,P10 Q6
Item number CRL
100 ## - MAIN ENTRY--PERSONAL NAME
Personal name Youd Vir Singh
9 (RLIN) 569003
245 #0 - TITLE STATEMENT
Title Bibliography of doctoral dissertation science & technology 2010
260 ## - PUBLICATION, DISTRIBUTION, ETC.
Place of publication, distribution, etc. New Delhi, India:
Name of publisher, distributor, etc. Association of Indian,
Date of publication, distribution, etc. 2016.
300 ## - PHYSICAL DESCRIPTION
Extent ix, 242p.
Dimensions cm.
650 ## - SUBJECT ADDED ENTRY--TOPICAL TERM
Topical term or geographic name entry element SCIENCE
9 (RLIN) 849030
700 ## - ADDED ENTRY--PERSONAL NAME
Personal name Pani S Rama Devi
9 (RLIN) 569004
942 ## - ADDED ENTRY ELEMENTS (KOHA)
Classification part Aa494,12,P10, Q6(RR)
Koha item type
Source of classification or shelving scheme Colon Classification (CC)
Suppress in OPAC No
Holdings
Withdrawn status Lost status Source of classification or shelving scheme Damaged status Not for loan Home library Current library Date acquired Source of acquisition Total Checkouts Full call number Barcode Date last seen Price effective from Koha item type
    Colon Classification (CC)     Central Library Central Library 2022-10-02 Gift, 20/06/2016,   Aa494,12,P10 Q6 CL1170994 2022-10-02 2022-10-02  
Copyright @ Delhi University Library System